LEADER 01897cam0-22004331i-450- 001 990005755510403321 005 20140314140546.0 035 $a000575551 035 $aFED01000575551 035 $a(Aleph)000575551FED01 035 $a000575551 100 $a19990604d1826----km-y0itay50------ba 101 0 $alat 102 $aFR 105 $ay---c---00--- 200 1 $aAlbii Tibulli quae supersunt omnia opera varietate lectionum novis commentariis, excursibus imitationibus gallicis vita auctoris et indice absolutissimo instruxit Philipp. Amat. de Golbéry ... 210 $aParisiis$ccolligebat Nicolaus Eligius Lemaire$d1826$e[Parigi]$gexcudebat Dondey-Dupré 215 $aCXVI, 580 p.$d22 cm 225 1 $aBibliotheca classica Latina sive Collectio auctorum classicorum Latinorum cum notis et indicibus 300 $aColophon sul verso dell'occhietto 303 $aMarca editoriale non censita (iniziali NEL) sui front. 312 $aTit. dell'occhietto: Albii Tibulli quæ supersunt omnia opera 517 1 $aAlbii Tibulli quæ supersunt omnia opera 676 $a870$v22$zita 700 1$aTibullus,$bAlbius$f$0161758 702 1$aGolbéry,$bMarie Philippe Aimé de$f<1786-1854> 719 00$aLemaire,$bNicolas Eloi$4650 719 00$aDondey-Dupré$cpère & fils$4610 801 0$aIT$bUNINA$gRICA$2UNIMARC 901 $aAQ 912 $a990005755510403321 952 $aSG 870/BCL 108$bARCH. 22042$fFLFBC 952 $aSG 870/BCL 108 TER$bR. Bibl. 2019$fFLFBC 952 $aSG 870/BCL 108 BIS$bARCH. 5752$fFLFBC 952 $aDirez. BCL-107$b17 ddr$fDDR$m21-5493 959 $aFLFBC 959 $aDDR 996 $aAlbii Tibulli quae supersunt omnia opera varietate lectionum novis commentariis, excursibus imitationibus gallicis vita auctoris et indice absolutissimo instruxit Philipp. Amat. de Golbéry ..$9571651 997 $aUNINA